000 00497nam a22001817a 4500
005 20141125114240.0
010 _aENG-111277
020 _a9789350097694
_c350.00
035 _aEN-94808
037 _bDBAD/PUB
082 _aN
100 _aKaushal, Swati
245 _aLethal spice /
_cby Swati Kaushal
260 _aGurgaon
_bHachette Book Publishing
_c2014
270 _a4th/5th Floors, Corporate Center, Sec. 44
_bGurgaon
_e122003
300 _a325p.
_c22cm(pbk)
942 _2ddc
_cEN
_mKAU
_hN
999 _c90128
_d90128